Vývoj integrácie Ukrajiny do EÚ a spolupráca so Slovenskom

Základné smery integračného procesu Ukrajiny do Európskej únie. Politická a ekonomická spolupráca s EÚ. Vzájomné politické vzťahy Ukrajiny so Slovenskom po roku 2009. Vzájomná obchodná spolupráca medzi Európskou úniou, Slovenskom a Ukrajinou. Najvýznamnejší obchodní partneri Ukrajiny. Najvýznamnejší...

Descrizione completa

Salvato in:
Dettagli Bibliografici
Autore principale: Grešš, Martin, 1978-
Altri autori: Greššová, Mária
Natura: Capitolo di libro
Lingua:slovacco
Soggetti:
Tags: Aggiungi Tag
Nessun Tag, puoi essere il primo ad aggiungerne!!

MARC

LEADER 00000nla$a2200000$$$4500
001 0149681
005 20240502072706.4
041 0 |a slo 
044 |a SK 
245 1 0 |a Vývoj integrácie Ukrajiny do EÚ a spolupráca so Slovenskom  |c Martin Grešš, Mária Greššová 
520 |a Základné smery integračného procesu Ukrajiny do Európskej únie. Politická a ekonomická spolupráca s EÚ. Vzájomné politické vzťahy Ukrajiny so Slovenskom po roku 2009. Vzájomná obchodná spolupráca medzi Európskou úniou, Slovenskom a Ukrajinou. Najvýznamnejší obchodní partneri Ukrajiny. Najvýznamnejší obchodní partneri EÚ-27. Najvýznamnejší obchodní partneri Slovenska. Vývoj vzájomného obchodu Slovenska a Ukrajiny (2007-2011). 
610 2 0 |a integrácia ekonomická medzinárodná 
610 2 0 |a spolupráca hospodárska medzinárodná 
610 2 0 |a obchod zahraničný 
610 2 0 |a bezpečnosť 
610 2 0 |a dohody medzinárodné 
610 2 0 |a Ukrajina 
610 2 0 |a Slovensko 
610 2 0 |a Európska únia 
100 1 |a Grešš, Martin, 1978- 
700 1 |a Greššová, Mária